Associez le sportif à son sport - Statistiques

Statistiques générales
  • Ce quiz a été pris 181 fois
  • Le résultat moyen est 6 sur 18
Statistiques - réponses
Hint Réponse % Correct
James Rodriguez Football
71%
Magnus Carlsen Echecs
62%
Kilian Jornet Ski-Alpinisme/Ultra-Trail
49%
Patrick Mahomes Foot US
46%
Jenson Button F1
44%
Sean O'Malley MMA
37%
Jules Plisson Rugby
34%
Robin Soderling Tennis
33%
Simon Eder Biathlon
28%
Dina Asher-Smith 100m/200m
26%
Summer McIntosh Natation
26%
Cédric Doumbé Kick-Boxing
25%
Phil Mickelson Golf
23%
Esteban Chaves Cyclisme
22%
Dimitris Diamantidis Basketball
21%
Federica Brignone Ski Géant
15%
Atle Lie McGrath Ski Slalom
13%
Shakur Stevenson/Saul Alvarez Boxe
11%
Aucun quiz correspondant
Distribution des résultats
% des personnes avec chaque résultat
Percentile par nombre de réponses
Votre historique - résultats
Vous n’avez pas pris ce quiz